Administración Federal de Ingresos Públicos. Autoridades. Facultades para dictar normas (Registro nro. 35647)

Detalles MARC
000 -LEADER
fixed length control field 00355 a2200109 4500
001 - CONTROL NUMBER
control field ART_57038
005 - DATE AND TIME OF LATEST TRANSACTION
control field 20260410162049.0
008 - FIXED-LENGTH DATA ELEMENTS--GENERAL INFORMATION
fixed length control field 260409a
100 1# - MAIN ENTRY--PERSONAL NAME
Personal name Baldo, Alberto
245 10 - TITLE STATEMENT
Title Administración Federal de Ingresos Públicos. Autoridades. Facultades para dictar normas
773 0# - HOST ITEM ENTRY
Title Impuestos
Related parts - N° 132 (sep. 2022)
Record control number REV45175

No hay ítems disponibles.